MARC details
| 000 -CABECERA |
| campo de control de longitud fija |
03349nam a2200397 a 4500 |
| 003 - IDENTIFICADOR DEL NÚMERO DE CONTROL |
| campo de control |
CHAP |
| 005 - FECHA Y HORA DE LA ÚLTIMA TRANSACCIÓN |
| campo de control |
20250814084821.0 |
| 007 - CAMPO FIJO DE DESCRIPCIÓN FÍSICA--INFORMACIÓN GENERAL |
| campo de control de longitud fija |
ta |
| 008 - DATOS DE LONGITUD FIJA--INFORMACIÓN GENERAL |
| campo de control de longitud fija |
250813s2000 mx ado|frm||| 001 0 spa d |
| 040 ## - FUENTE DE LA CATALOGACIÓN |
| Centro catalogador/agencia de origen |
mxchpua |
| Centro/agencia transcriptor |
CHAP |
| 041 0# - CÓDIGO DE LENGUA |
| Código de lengua del texto/banda sonora o título independiente |
spa |
| Código de lengua del sumario o resumen |
eng |
| 090 ## - LOCALMENTE ASIGNADO TIPO-LC NÚMERO DE CLASIFICACIÓN (OCLC); NÚMERO DE CLASIFICACIÓN LOCAL (RLIN) |
| Número de clasificación (OCLC) (R) ; Numero de clasificación, CALL (RLIN) (NR) |
Tesis |
| Número cutter local (OCLC) ; Número de libro/Signatura topográfica íntegra, CALL (RLIN) |
R63 |
| año |
2000 |
| 100 1# - ENTRADA PRINCIPAL--NOMBRE DE PERSONA |
| Nombre de persona |
Rodríguez Hernández, Gonzalo |
| 245 1# - MENCIÓN DE TÍTULO |
| Título |
Calidad de trigo para la industria molinera / |
| Mención de responsabilidad, etc. |
Gonzalo Rodríguez Hernández |
| 264 ## - PRODUCCIÓN, PUBLICACIÓN, DISTRIBUCIÓN, FABRICACIÓN Y COPYRIGHT |
| Producción, publicación, distribución, fabricación y copyright |
Chapingo, México : |
| Nombre del de productor, editor, distribuidor, fabricante |
El autor, |
| Fecha de producción, publicación, distribución, fabricación o copyright |
2000 |
| 300 ## - DESCRIPCIÓN FÍSICA |
| Extensión |
iv, 141 hojas : |
| Otras características físicas |
ilustraciones, tablas, gráficas, fotografías |
| 336 ## - TIPO DE CONTENIDO |
| Fuente |
rdacontent |
| Término de tipo de contenido |
texto |
| Código de tipo de contenido |
txt |
| 337 ## - TIPO DE MEDIO |
| Fuente |
rdamedia |
| Nombre/término del tipo de medio |
no mediado |
| Código del tipo de medio |
n |
| 338 ## - TIPO DE SOPORTE |
| Fuente |
rdacarrier |
| Nombre/término del tipo de soporte |
volumen |
| Código del tipo de soporte |
nc |
| 502 ## - NOTA DE TESIS |
| Nota de tesis |
Memoria de Experiencia Profesional |
| Tipo de título |
(Ingeniero Agroindustrial) -- |
| Nombre de la institución que otorga el título |
UACh. Departamento de Ingeniería Agroindustrial, |
| Año de obtención del título |
2000 |
| 504 ## - NOTA DE BIBLIOGRAFÍA, ETC. |
| Nota de bibliografía, etc. |
Bibliografía: hojas 52-53 |
| 520 3# - SUMARIO, ETC. |
| Sumario, etc. |
Se estudiaron las características de calidad industrial que presenta el trigo producido en los valles agricolas de Mexicali, Baja California y San Luis Río Colorado, Sonora, respecto a los requerimientos de la industria molinera; así como su influencia en la comercialización de la producción. Las diferencias entre los niveles de calidad del trigo producido en estos valles respecto a lo demandado por su mercado, fueron significativas. No se alcanzan las condiciones minimas para fabricar harinas destinadas a la elaboración de pan blanco, solamente para otros productos que requieren harinas de menor fuerza de gluten. Los resultados indican la necesidad de mejorar las condiciones de cultivo del trigo que permitan alcanzar altos niveles de calidad para proveer a la industria molinera en México y competir contra las importaciones del cereal, debiendo poner atención a los avances en la liberación de nuevas variedades que han sido desarrolladas en el valle de Mexicali y que pretenden ofrecer estas caracteristicas. |
| 520 3# - SUMARIO, ETC. |
| Sumario, etc. |
The industrial characteristics presented by the wheat produced in the agricultural valleys of Mexicali, Baja California and San Luis Río Colorado, Sonora were studied regarding the requirements of the miller industry; as well as its influence in the marketing of the production. The differences among the quality levels of wheat produced in this valleys respect to what is demanded by its market, were significant. The minimum conditions to make flour for the elaboration of white bread were not meet. Only for other products that require flours of less gluten strength. The results suggest to improve the conditions of wheat crops that allow to reach high levels of quality to provide the miller industry of México and to contend against the imported cereal, considering on the advances in the release of new varieties that have been developed in the Mexicali valley and hope to offer this characteristics |
| 650 13 - PUNTO DE ACCESO ADICIONAL DE MATERIA--TÉRMINO DE MATERIA |
| Término de materia o nombre geográfico como elemento de entrada |
Trigo |
| Fuente del encabezamiento o término |
atg |
| Subdivisión general |
Iniciativa empresarial |
| 650 13 - PUNTO DE ACCESO ADICIONAL DE MATERIA--TÉRMINO DE MATERIA |
| Término de materia o nombre geográfico como elemento de entrada |
Harina de trigo |
| Fuente del encabezamiento o término |
atg |
| 650 13 - PUNTO DE ACCESO ADICIONAL DE MATERIA--TÉRMINO DE MATERIA |
| Término de materia o nombre geográfico como elemento de entrada |
Industria molinera |
| Fuente del encabezamiento o término |
atg |
| 650 13 - PUNTO DE ACCESO ADICIONAL DE MATERIA--TÉRMINO DE MATERIA |
| Término de materia o nombre geográfico como elemento de entrada |
Wheat |
| Fuente del encabezamiento o término |
atg |
| Subdivisión general |
Entrepreneurship |
| 650 13 - PUNTO DE ACCESO ADICIONAL DE MATERIA--TÉRMINO DE MATERIA |
| Término de materia o nombre geográfico como elemento de entrada |
Wheat flour |
| Fuente del encabezamiento o término |
atg |
| 650 13 - PUNTO DE ACCESO ADICIONAL DE MATERIA--TÉRMINO DE MATERIA |
| Término de materia o nombre geográfico como elemento de entrada |
Milling industry |
| Fuente del encabezamiento o término |
atg |
| 700 1# - PUNTO DE ACCESO ADICIONAL--NOMBRE DE PERSONA |
| Nombre de persona |
Omaña Silvestre, José Miguel |
| Término indicativo de función/relación |
director |
| 700 1# - PUNTO DE ACCESO ADICIONAL--NOMBRE DE PERSONA |
| Nombre de persona |
Ybarra Moncada, Ma. Carmen |
| Término indicativo de función/relación |
asesora |
| 700 1# - PUNTO DE ACCESO ADICIONAL--NOMBRE DE PERSONA |
| Nombre de persona |
Valdivia Alcalá, Ramón |
| Término indicativo de función/relación |
asesor |
| 901 ## - ELEMENTOS DE DATOS A LOCAL LDA (RLIN) |
| a |
TESIS R63 2000 |
| 942 ## - ELEMENTOS DE PUNTO DE ACCESO ADICIONAL (KOHA) |
| Fuente del sistema de clasificación o colocación |
Clasificación Universidad Autónoma Chapingo |
| Tipo de ítem Koha |
TESIS |
| 530 ## - NOTA DE FORMATO FÍSICO ADICIONAL DISPONIBLE |
| Nota de formato físico adicional disponible |
Disponible en PDF |